00676nam a2200169Ia 4500008004100000020001800041041000800059082002000067100001600087245016300103250000600266260003200272300001200304650003000316999001900346952014100365210716s2013 xx 000 0 und d a9780749467593 aeng a658.312408 GORR aGorell, Ro. aGroup coaching: a practical guide to optimizing collective talent in any organization.bA practical guide to optimizing collective talent in any organization. a1 aNew DelhibKogan Pagec2013 axvi,209 aHuman Resource Management c208340d208340 001040708MBAaAIMITbAIMITd2013-12-19g695.00l1o658.312408 GORRpMBA10906r2026-05-23 00:00:00s2023-05-22v521.25w2021-07-16yBK